Concelhos Fronteiriços de Portugal - Statistics

Estatísticas Gerais
  • Esse quiz foi jogado 80 vezes
  • A pontuação média é 30 de 39
Respostas no mapa
Respostas codificadas por cores de uma escala verde-vermelha no mapa do quiz de acordo com a % correta abaixo.
 
Estatísticas das Respostas
Concelhos % Correto
Bragança
96%
Chaves
91%
Vila Real de Santo António
91%
Caminha
87%
Valença
87%
Castelo Branco
85%
Castro Marim
85%
Elvas
85%
Miranda do Douro
85%
Portalegre
83%
Barrancos
80%
Idanha-a-Nova
80%
Melgaço
80%
Vila Nova de Cerveira
80%
Alcoutim
78%
Arcos de Valdevez
78%
Monção
78%
Vinhais
78%
Almeida
76%
Mértola
76%
Montalegre
76%
Moura
76%
Ponte da Barca
76%
Serpa
76%
Sabugal
74%
Terras de Bouro
74%
Castelo de Vide
72%
Figueira de Castelo Rodrigo
72%
Freixo de Espada à Cinta
72%
Campo Maior
70%
Marvão
70%
Mogadouro
70%
Vimioso
70%
Arronches
67%
Mourão
67%
Vila Velha de Ródão
67%
Penamacor
65%
Nisa
61%
Alandroal
41%
Nenhum quiz correspondente encontrado
Distribuição das Pontuações
Porcentagem de Pessoas com Cada Pontuação
Percentil de Números Respondidos
Sua Pontuação Histórica
Você não jogou esse quiz